| 000 | 00566nam a22001937a 4500 | ||
|---|---|---|---|
| 999 |
_c9763 _d9763 |
||
| 003 | GBCCL | ||
| 005 | 20241126110718.0 | ||
| 008 | 230712b ||||| |||| 00| 0 eng d | ||
| 020 | _a9780310243694 | ||
| 040 | _cgbc | ||
| 082 |
_a225.77 _bZON |
||
| 100 |
_aGardner, Paul _d1950- _916962 |
||
| 245 |
_a1 Corinthians / _cPaul Gardner |
||
| 260 |
_aGrand Rapids : _bZondervan, _c2018 |
||
| 300 | _a811Pages | ||
| 440 |
_aZondervan exegetical commentary on the New Testament _vv.7 _916963 |
||
| 650 |
_aBible _vCorinthians, 1st _xcommentaries _916964 |
||
| 942 |
_2ddc _cREF |
||